| 000 | 00000nas 2200000za 4500 |
| 001 | 9.808352 |
| 003 | CaOODSP |
| 005 | 20221107140347 |
| 007 | cr ||||||||||| |
| 008 | 151229d19821995oncqr p oss f000#b0fre|d |
| 022 | |y0713-9098 |
| 040 | |aCaOODSP|bfre |
| 041 | |aeng|afre |
| 043 | |an-cn--- |
| 086 | 1 |aCS47-006-PDF |
| 245 | 00|aProduction and shipments of blow-moulded plastic bottles |h[ressource électronique] = |bProduction et livraisons de bouteilles de plastiques formées par soufflage. |
| 246 | 11|aProduction et livraisons de bouteilles de plastiques formées par soufflage |
| 246 | 13|aProduction et expéditions de bouteilles de plastique formées par soufflage |fjuin 1988-déc. 1995 |
| 260 | |a[Ottawa] : |bStatistics Canada = Statistique Canada, |c1982-1996. |
| 310 | |aTrimestriel |
| 362 | 0 |aVol. 1, no. 1 (mars 31, 1982)-v. 14, no. 4 (déc. 31, 1995). |
| 500 | |aÉdition numérisée de l’imprimé [par Statistique Canada]. |
| 546 | |aTexte en anglais et en français. |
| 550 | |aPublié 31 mars 1982-31 déc. 1984 par la Division des industries manufacturières et primaires; 31 mars 1985- par la Division de l'industrie. |
| 692 | 07|2gccst|aIndustrie des matières plastiques |
| 692 | 07|2gccst|aIndustrie de la fabrication |
| 710 | 1 |aCanada. |bStatistique Canada. |bDivision de l'industrie. |
| 710 | 1 |aCanada. |bStatistique Canada. |bDivision des industries manufacturières et primaires. |
| 776 | 0#|tProduction et expéditions de bouteilles de plastique formées par soufflage. |w(CaOODSP)9.508199 |
| 780 | 00|tProduction and shipments of plastic bottles |w(CaOODSP)9.829584 |
| 791 | |tProduction and shipments of blow-moulded plastic bottles |eeng|w(CaOODSP)9.808344 |